000 00857nam a22002777a 4500
001 BR8503277
003 BR-BrBNA
005 20230928092207.0
007 ta
008 230509b bl.||||| |||| 00| 0 por d
040 _aBR-BrBNA
_bpor
_cBiblioteca Nacional de Agricultura
041 _a(Por)
072 _aE16
_b0120
_b0170
090 _ 0120 BR8503277
110 1 _aFederacao das Cooperativas de Trigo e Soja do Rio Grande do Sul Ltda., Porto Alegre (Brasil)
_94625
245 1 _aCusto de producao. Lavoura mecanizada - milho e sorgo, lavoura convencional - milho. Revisao safra 1985/86
260 3 _aPorto Alegre, RS (Brasil):
_c1985.
300 _a37 p.
650 _aMILHO
650 _aSORGO
650 _aCUSTO DE PRODUCAO
650 _aLAVOURA
650 _aMECANIZACAO AGRICOLA
909 _a202309
_bLucia
_c55
_dLucia Elande
942 _cBK
999 _c37624
_d37624